000 00514nam a2200193 i 4500
001 105878
003 ES-MaACL
005 20230906184011.0
007 t|
008 060905s1974 fr ||||1| fre d
080 _a338.952.2
100 1 _aBourdet, Yvon.
_930961
245 1 0 _aPour l'autogestion /
_cYvon Bourdet.
260 _aParis :
_bAnthropos,
_c[1974]
300 _a293 p. ;
_c19 cm.
500 _aBiblioteca Juan Andrade.
650 _aAutogestión.
_910430
852 _aES-MaACL
_jAND-707
_bR.119003
999 _c105878
_d105878